<?xml version="1.0" encoding="UTF-8"?>
<record
    xmlns:xsi="http://www.w3.org/2001/XMLSchema-instance"
    xsi:schemaLocation="http://www.loc.gov/MARC21/slim http://www.loc.gov/standards/marcxml/schema/MARC21slim.xsd"
    xmlns="http://www.loc.gov/MARC21/slim">

  <leader>00645nam a22001817a 4500</leader>
  <controlfield tag="003">OSt</controlfield>
  <controlfield tag="005">20150408114204.0</controlfield>
  <controlfield tag="008">140113s    2012ua ||||g |||| 00| 0 ara d</controlfield>
  <datafield tag="040" ind1=" " ind2=" ">
    <subfield code="a">ma-un</subfield>
  </datafield>
  <datafield tag="082" ind1=" " ind2=" ">
    <subfield code="2">21</subfield>
    <subfield code="a">657.867 </subfield>
    <subfield code="b">&#x628; &#x645; &#x623;</subfield>
  </datafield>
  <datafield tag="245" ind1=" " ind2=" ">
    <subfield code="a">&#x623;&#x646;&#x638;&#x645;&#x629; &#x627;&#x644;&#x62A;&#x643;&#x627;&#x644;&#x64A;&#x641; &#x641;&#x64A; &#x627;&#x644;&#x645;&#x646;&#x634;&#x622;&#x62A; &#x627;&#x644;&#x635;&#x646;&#x627;&#x639;&#x64A;&#x629; /</subfield>
    <subfield code="c">&#x645;&#x62D;&#x645;&#x62F; &#x639;&#x628;&#x62F; &#x627;&#x644;&#x646;&#x628;&#x64A;&#x60C; &#x623;&#x62D;&#x645;&#x62F; &#x643;&#x627;&#x645;&#x644;.</subfield>
  </datafield>
  <datafield tag="250" ind1=" " ind2=" ">
    <subfield code="a">&#x637;. 1</subfield>
  </datafield>
  <datafield tag="260" ind1=" " ind2=" ">
    <subfield code="a">&#x627;&#x644;&#x625;&#x633;&#x643;&#x646;&#x62F;&#x631;&#x64A;&#x629;&#x60C; &#x645;&#x635;&#x631; :</subfield>
    <subfield code="b">&#x645;&#x643;&#x62A;&#x628;&#x629; &#x627;&#x644;&#x648;&#x641;&#x627;&#x621; &#x627;&#x644;&#x642;&#x627;&#x646;&#x648;&#x646;&#x64A;&#x629;&#x60C;</subfield>
    <subfield code="c">2012 .</subfield>
  </datafield>
  <datafield tag="300" ind1=" " ind2=" ">
    <subfield code="a">359 &#x635; &#x61B;</subfield>
    <subfield code="c">24 &#x633;&#x645; .</subfield>
  </datafield>
  <datafield tag="100" ind1=" " ind2=" ">
    <subfield code="a">&#x639;&#x628;&#x62F; &#x627;&#x644;&#x646;&#x628;&#x64A;&#x60C; &#x645;&#x62D;&#x645;&#x62F; </subfield>
    <subfield code="9">12714</subfield>
  </datafield>
  <datafield tag="650" ind1=" " ind2=" ">
    <subfield code="a">&#x627;&#x644;&#x62A;&#x643;&#x627;&#x644;&#x64A;&#x641; &#x627;&#x644;&#x635;&#x646;&#x627;&#x639;&#x64A;&#x629; </subfield>
    <subfield code="9">42302</subfield>
  </datafield>
  <datafield tag="942" ind1=" " ind2=" ">
    <subfield code="2">ddc</subfield>
    <subfield code="c">BOOK</subfield>
  </datafield>
  <datafield tag="999" ind1=" " ind2=" ">
    <subfield code="c">33246</subfield>
    <subfield code="d">267746</subfield>
  </datafield>
  <datafield tag="952" ind1=" " ind2=" ">
    <subfield code="1">0</subfield>
    <subfield code="2">2014-01-13</subfield>
    <subfield code="4">0</subfield>
    <subfield code="7">0</subfield>
    <subfield code="a">657.867  &#x628; &#x645; &#x623;</subfield>
    <subfield code="d">2014-01-13</subfield>
    <subfield code="h">CL</subfield>
    <subfield code="i">00602155</subfield>
    <subfield code="m">CL</subfield>
    <subfield code="r">2014-01-13 00:00:00</subfield>
    <subfield code="t">BOOK</subfield>
    <subfield code="w">ddc</subfield>
    <subfield code="y">0</subfield>
  </datafield>
  <datafield tag="952" ind1=" " ind2=" ">
    <subfield code="1">0</subfield>
    <subfield code="2">2014-01-13</subfield>
    <subfield code="4">0</subfield>
    <subfield code="7">0</subfield>
    <subfield code="a">657.867  &#x628; &#x645; &#x623;</subfield>
    <subfield code="d">2014-01-13</subfield>
    <subfield code="h">CL</subfield>
    <subfield code="i">00602156</subfield>
    <subfield code="m">CL</subfield>
    <subfield code="r">2014-01-13 00:00:00</subfield>
    <subfield code="t">BOOK</subfield>
    <subfield code="w">ddc</subfield>
    <subfield code="y">0</subfield>
  </datafield>
  <datafield tag="952" ind1=" " ind2=" ">
    <subfield code="1">0</subfield>
    <subfield code="2">2014-01-13</subfield>
    <subfield code="4">0</subfield>
    <subfield code="7">0</subfield>
    <subfield code="a">657.867  &#x628; &#x645; &#x623;</subfield>
    <subfield code="d">2014-01-13</subfield>
    <subfield code="h">CL</subfield>
    <subfield code="i">00602157</subfield>
    <subfield code="m">CL</subfield>
    <subfield code="r">2014-01-13 00:00:00</subfield>
    <subfield code="t">BOOK</subfield>
    <subfield code="w">ddc</subfield>
    <subfield code="y">0</subfield>
  </datafield>
  <datafield tag="952" ind1=" " ind2=" ">
    <subfield code="1">0</subfield>
    <subfield code="2">2014-01-13</subfield>
    <subfield code="4">0</subfield>
    <subfield code="7">0</subfield>
    <subfield code="a">657.867  &#x628; &#x645; &#x623;</subfield>
    <subfield code="d">2014-01-13</subfield>
    <subfield code="h">SZM</subfield>
    <subfield code="i">00602158</subfield>
    <subfield code="m">SZM</subfield>
    <subfield code="r">2014-01-13 00:00:00</subfield>
    <subfield code="t">BOOK</subfield>
    <subfield code="w">ddc</subfield>
    <subfield code="y">0</subfield>
  </datafield>
  <datafield tag="952" ind1=" " ind2=" ">
    <subfield code="1">0</subfield>
    <subfield code="2">2014-01-13</subfield>
    <subfield code="4">0</subfield>
    <subfield code="7">0</subfield>
    <subfield code="a">657.867  &#x628; &#x645; &#x623;</subfield>
    <subfield code="d">2014-01-13</subfield>
    <subfield code="h">SZM</subfield>
    <subfield code="i">00602159</subfield>
    <subfield code="m">SZM</subfield>
    <subfield code="r">2014-01-13 00:00:00</subfield>
    <subfield code="t">BOOK</subfield>
    <subfield code="w">ddc</subfield>
    <subfield code="y">0</subfield>
  </datafield>
  <datafield tag="952" ind1=" " ind2=" ">
    <subfield code="1">0</subfield>
    <subfield code="2">2014-01-13</subfield>
    <subfield code="4">0</subfield>
    <subfield code="7">0</subfield>
    <subfield code="a">657.867  &#x628; &#x645; &#x623;</subfield>
    <subfield code="d">2014-01-13</subfield>
    <subfield code="h">SRM</subfield>
    <subfield code="i">00602089</subfield>
    <subfield code="m">SRM</subfield>
    <subfield code="r">2014-01-13 00:00:00</subfield>
    <subfield code="t">BOOK</subfield>
    <subfield code="w">ddc</subfield>
    <subfield code="y">0</subfield>
  </datafield>
  <datafield tag="952" ind1=" " ind2=" ">
    <subfield code="1">0</subfield>
    <subfield code="2">2014-01-13</subfield>
    <subfield code="4">0</subfield>
    <subfield code="7">0</subfield>
    <subfield code="a">657.867  &#x628; &#x645; &#x623;</subfield>
    <subfield code="d">2014-01-13</subfield>
    <subfield code="h">SRM</subfield>
    <subfield code="i">00602090</subfield>
    <subfield code="m">SRM</subfield>
    <subfield code="r">2014-01-13 00:00:00</subfield>
    <subfield code="t">BOOK</subfield>
    <subfield code="w">ddc</subfield>
    <subfield code="y">0</subfield>
  </datafield>
  <datafield tag="952" ind1=" " ind2=" ">
    <subfield code="1">0</subfield>
    <subfield code="2">2014-01-13</subfield>
    <subfield code="4">0</subfield>
    <subfield code="7">0</subfield>
    <subfield code="a">657.867  &#x628; &#x645; &#x623;</subfield>
    <subfield code="d">2014-01-13</subfield>
    <subfield code="h">IC</subfield>
    <subfield code="i">00602160</subfield>
    <subfield code="m">IC</subfield>
    <subfield code="r">2014-01-13 00:00:00</subfield>
    <subfield code="t">BOOK</subfield>
    <subfield code="w">ddc</subfield>
    <subfield code="y">0</subfield>
  </datafield>
</record>
